<?xml version="1.0" encoding="UTF-8"?>
<marc:record xmlns:marc="http://www.loc.gov/MARC21/slim">
   <marc:leader>00000nam a2200000 a 4500</marc:leader>
   <marc:datafield ind1=" " ind2=" " tag="653">
      <marc:subfield code="a">DVD</marc:subfield>
   </marc:datafield>
   <marc:datafield ind1=" " ind2=" " tag="653">
      <marc:subfield code="a">Familienfilm</marc:subfield>
   </marc:datafield>
   <marc:datafield ind1="0" ind2="0" tag="245">
      <marc:subfield code="a">Das Blubbern von Glück</marc:subfield>
   </marc:datafield>
   <marc:datafield ind1=" " ind2="1" tag="264">
      <marc:subfield code="b">Euro Video</marc:subfield>
      <marc:subfield code="c">2021</marc:subfield>
   </marc:datafield>
   <marc:datafield ind1="1" ind2=" " tag="520">
      <marc:subfield code="a">Hier kommt Candice! 12 Jahre alt, wunderbar ehrlich und ein bisschen anders. Sie ist entschlossen, die Welt glücklich zu machen. Nur leider ist das gar nicht so einfach. Denn in ihrer Familie, die früher vor Glück geblubbert hat, spinnt sich neuerdings jeder in seinem eigenen Leid ein. In ihrem neuen Mitschüler Douglas, der fest daran glaubt, aus einer anderen Dimension gefallen zu sein, findet sie einen unerwarteten Komplizen für ihre abenteuerliche Mission. Und wie Candice es schafft, dass zum Schluss wirklich jeder um sie herum ein dickes Stück glücklicher ist, das ist das Allerwunderbarste an ihrer Geschichte. (Quelle: thalia.at)</marc:subfield>
   </marc:datafield>
   <marc:datafield ind1="3" ind2=" " tag="024">
      <marc:subfield code="a">4009750205075</marc:subfield>
   </marc:datafield>
   <marc:datafield ind1=" " ind2=" " tag="041">
      <marc:subfield code="a">ger</marc:subfield>
   </marc:datafield>
   <marc:datafield ind1=" " ind2=" " tag="300">
      <marc:subfield code="a">1 DVD</marc:subfield>
   </marc:datafield>
</marc:record>
